01140nam a2200193Ia 4500001001100000003001000011008004100021040002500062041001300087100003800100245004100138250001100179260009300190300001200283500026200295501011400557520026200671650001300933L330-23815IT-CnALBA170116s9999||||xx |||||||||||||| ||und|| aIT-CnALBAcIT-CnALBA aITALIANO aCANTONO D. ALESSANDRO, SAC. DOTT. 0aIL PROPAGANDISTA E L'ORGANIZZATORE.  a1a ed. aVICENZAbANONIMA SOC. TIP. CAT. VICENTINAc1920 [1° Ed.:1920 - Ed.Ling.Originale: 1920] a448 p.  aMOVIMENTO GIOVANILE. EDUCAZIONE SOCIALE. STUDENTI. OPERAI. ASSOCIAZIONI SPORTIVE. FEDERAZIONE CIRCOLI UNIVERSITARI. UNIONE DONNE CATTOLICHE. PREVIDENZA. RISPARMIO POPOLARE. SOCIETÀ DI MUTUO SOCCORSO. CASSA OPERAIA. MUTUALITA' SCOLASTICA. MOVIMENTO AGRICOL aSocietà San Paolo EM - Piazza San Paolo, 14 - 12051 ALBA (CN) (non commercial uses only) ® Copyright 2017 aMOVIMENTO GIOVANILE. EDUCAZIONE SOCIALE. STUDENTI. OPERAI. ASSOCIAZIONI SPORTIVE. FEDERAZIONE CIRCOLI UNIVERSITARI. UNIONE DONNE CATTOLICHE. PREVIDENZA. RISPARMIO POPOLARE. SOCIETÀ DI MUTUO SOCCORSO. CASSA OPERAIA. MUTUALITA' SCOLASTICA. MOVIMENTO AGRICOL aECONOMIA